<?xml version="1.0" encoding="UTF-8"?>
<collection xmlns="http://www.loc.gov/MARC21/slim">
 <record>
  <leader>01037nam a2200253 a 4500</leader>
  <controlfield tag="001">11981602</controlfield>
  <controlfield tag="008">091223s2000    nyua     b    001 0 eng d</controlfield>
  <datafield tag="010" ind1=" " ind2=" ">
   <subfield code="a">   00009220 </subfield>
  </datafield>
  <datafield tag="020" ind1=" " ind2=" ">
   <subfield code="a">0801436028 (cloth : alk. paper)</subfield>
  </datafield>
  <datafield tag="020" ind1=" " ind2=" ">
   <subfield code="a">0801485789 (pbk. : alk. paper)</subfield>
  </datafield>
  <datafield tag="040" ind1=" " ind2=" ">
   <subfield code="a">DLC</subfield>
   <subfield code="c">DLC</subfield>
   <subfield code="d">DLC</subfield>
   <subfield code="d">BD-DhAAL</subfield>
  </datafield>
  <datafield tag="082" ind1="0" ind2="0">
   <subfield code="a">306/.071/073</subfield>
   <subfield code="2">21</subfield>
  </datafield>
  <datafield tag="245" ind1="0" ind2="0">
   <subfield code="a">Cultural studies &amp; political theory /</subfield>
   <subfield code="c">edited by Jodi Dean.</subfield>
  </datafield>
  <datafield tag="246" ind1="3" ind2=" ">
   <subfield code="a">Cultural studies and political theory</subfield>
  </datafield>
  <datafield tag="260" ind1=" " ind2=" ">
   <subfield code="a">Ithaca, N.Y. :</subfield>
   <subfield code="b">Cornell University Press,</subfield>
   <subfield code="c">c2000.</subfield>
  </datafield>
  <datafield tag="300" ind1=" " ind2=" ">
   <subfield code="a">362 p. :</subfield>
   <subfield code="b">ill. ;</subfield>
   <subfield code="c">24 cm.</subfield>
  </datafield>
  <datafield tag="504" ind1=" " ind2=" ">
   <subfield code="a">Includes bibliographical references (p. 305-349) and index.</subfield>
  </datafield>
  <datafield tag="541" ind1="1" ind2=" ">
   <subfield code="e">00016511</subfield>
  </datafield>
  <datafield tag="650" ind1=" " ind2="0">
   <subfield code="a">Culture</subfield>
   <subfield code="x">Study and teaching</subfield>
   <subfield code="z">United States.</subfield>
  </datafield>
  <datafield tag="650" ind1=" " ind2="0">
   <subfield code="a">Political science</subfield>
   <subfield code="z">United States.</subfield>
  </datafield>
  <datafield tag="700" ind1="1" ind2=" ">
   <subfield code="a">Dean, Jodi,</subfield>
   <subfield code="d">1962-</subfield>
  </datafield>
  <datafield tag="852" ind1="4" ind2=" ">
   <subfield code="a">Ayesha Abed Library</subfield>
   <subfield code="j">General shelf </subfield>
  </datafield>
  <datafield tag="999" ind1=" " ind2=" ">
   <subfield code="c">7021</subfield>
   <subfield code="d">7021</subfield>
  </datafield>
  <datafield tag="952" ind1=" " ind2=" ">
   <subfield code="0">0</subfield>
   <subfield code="1">0</subfield>
   <subfield code="2">ddc</subfield>
   <subfield code="4">0</subfield>
   <subfield code="6">306_071073000000000_CUL_2000</subfield>
   <subfield code="7">0</subfield>
   <subfield code="9">7274</subfield>
   <subfield code="a">BRACUL</subfield>
   <subfield code="b">BRACUL</subfield>
   <subfield code="c">GEN</subfield>
   <subfield code="d">2010-01-17</subfield>
   <subfield code="l">4</subfield>
   <subfield code="m">1</subfield>
   <subfield code="o">306.071073 CUL</subfield>
   <subfield code="p">3010016511</subfield>
   <subfield code="r">2023-06-25</subfield>
   <subfield code="s">2023-06-06</subfield>
   <subfield code="t">1</subfield>
   <subfield code="w">2010-01-17</subfield>
   <subfield code="y">BK</subfield>
  </datafield>
 </record>
</collection>
